Introducción al psicodiagnóstico de Rorschach /

Bibliographic Details
Main Author: B. de Bauducco, María Cristina (Author)
Format: Electronic eBook
Language:Spanish
Published: Córdoba, Argentina : Editorial Brujas, [2019]
Edition:1a. ed.
Subjects:
Online Access:Digitalia Hispánica

MARC

LEADER 00000nam a2200000Ii 4500
001 DIGBRUJ346
003 NyNyDIG
006 m o d
007 cr |||||||||||
008 220430s2019 ag ob 000 0 spa d
035 |a (OCoLC)1283860513 
040 |a DGITA  |b eng  |e rda  |e pn  |c DGITA 
020 |a 9789877602371  |q eBook  |q pdf 
020 |z 9789877602333 
050 1 4 |a BF698.8.R5 ebook 
082 0 4 |a 153.93 
100 1 |a B. de Bauducco, María Cristina,  |e author. 
245 1 0 |a Introducción al psicodiagnóstico de Rorschach /  |c María Cristina B. de Bauducco [and 13 others] 
250 |a 1a. ed. 
264 1 |a Córdoba, Argentina :  |b Editorial Brujas,  |c [2019] 
300 |a 1 online resource. 
336 |a text  |b txt  |2 rdacontent 
337 |a computer  |b c  |2 rdamedia 
338 |a online resource  |b cr  |2 rdacarrier 
347 |a text file  |2 rdaft 
347 |b PDF 
504 |a Includes bibliographical references. 
588 0 |a Online resource; title from PDF title page (Digitalia, viewed April 30, 2022) 
650 0 |a Rorschach Test. 
650 0 |a Psychodiagnostics. 
655 0 |a Electronic books. 
791 2 |a Digitalia (Firm),  |e distributor. 
793 0 |g Digitalia eBook Collection:  |a Editorial Brujas 
776 0 8 |i Print version:  |a B. de Bauducco, María Cristina.  |t Introducción al psicodiagnóstico de Rorschach.  |d Córdoba, Argentina : Editorial Brujas, [2019]  |z 9789877602333 
856 4 0 |3 Digitalia Hispánica  |u https://www.digitaliapublishing.com/a/66370/ 
910 |a Premium collection: 2022